000 00630nam a2200205 i 4500
001 81768
003 ES-MaACL
005 20230906174516.0
007 t|
008 041105s1958 sp ||||1| spa d
100 1 _aHuxley, Aldous,
_d1894-1963
_964858
245 1 3 _aUn mundo feliz /
_cAldous Huxley ; [traducido directamente del inglés por Luys Santamarina].
260 _aBarcelona :
_bA.H.R.,
_c1958 (
_fSocitra)
300 _a274 p. ;
_c18 cm.
490 1 _aPigmalión
700 1 _aSanta Marina, Luys.
_9103247
830 0 _aPigmalión
_9182328
852 _aES-MaACL
_jC-13927
_bR.41976
999 _c81768
_d81768